| 000 | 00000nam##2200000za#4500 |
| 001 | 9.569310 |
| 003 | CaOODSP |
| 005 | 20210624181716 |
| 007 | cr ||||||||||| |
| 008 | 150406|1992||||xxc|||||o f|0| 0 eng|d |
| 040 | |aCaOODSP|beng |
| 043 | |an-cn--- |
| 086 | 1 |aNH15-212/1992E-PDF |
| 110 | 2 |aCanada Mortgage and Housing Corporation. |
| 245 | 10|aOlder women : |h[electronic resource]|ba study of the housing and support service needs of older "single" women / |cby Kathleen Hamilton and Timothy Brehaut. |
| 260 | |aOttawa - Ontario : |bCanada Mortgage and Housing Corporation |c1992. |
| 300 | |a97p.|btables |
| 490 | 1 |aResearch report |
| 590 | |a12-25-Supp|b2012-06-04 |
| 720 | 1 |aHamilton, Kathleen |
| 720 | 1 |aBrehaut, Timothy |
| 775 | 08|tLes femmes âgées : |w(CaOODSP)9.600536 |
| 830 | #0|aResearch report (Canada Mortgage and Housing Corporation : Online)|w(CaOODSP)9.506068 |
| 856 | 40|ahttp://publications.gc.ca|qPDF|s2 MB|uhttps://publications.gc.ca/collections/collection_2011/schl-cmhc/nh18-1-2/NH15-212-1992-eng.pdf |